| 000 | 00379nam a22001217a 4500 | ||
|---|---|---|---|
| 082 | _a200 THE | ||
| 100 |
_aUme Hani Malik _934482 |
||
| 245 | _aTH-SOF-1239-Use of Adaptive Filters for Three Phase Distorted Grid Connected Systems | ||
| 260 |
_aIslamabad _bNUST College of EME _c2016 |
||
| 650 | _a MS-ELECT-71 MSTHESIS | ||
| 700 |
_aSupervisor Dr. Usman Ali _970055 |
||
| 942 | _cCF | ||
| 999 |
_c577130 _d577130 |
||